1708 1508 1728 1898 1952 1316 1782 1902 1239 1005 1418 1116 1102 1780 1576 1227 1097 1538 1281 1756 1282 1613 1276 1106 1829 1326 1829 1687 1276 1019 1463 1136 1982 1386 1110 1495 1214 1458 1623 1005 1675 1698 1775 1435 1851 1903 1702 1876 1714 1946 1404 1217 1549 1108 1239 1623 1446 1419 1704 1271 1308 1869 1212 1693 1005 1751 1079 1027 1644 1801 1250 1798 1743 1917 1070 1001 1361 1388 1614 1500 1720 1028 1219 1428 1192 1747 1651 1138 1761 1842 1242 1209 1714 1176 1679 1947 1928 1197 1031 BCNSPRNW ULIB Ver.6.0+V

เปลี่ยนเป็นภาษาไทย

Change to English
 แสดงรายละเอียดบรรณานุกรม
  กลับหน้าหลัก

Brief Record : Get Marc (ISO 2709) : E-mail record : QR code < ปิดหน้าต่าง
LEADER : 00000nam 2200000uu 4500
001    13399110464
003     ULIB
008    110601s2544||||th 000 0 tha d
020    9740500072
060 04 WO200^bก499ก 2544
245 00 การระงับความรู้สึกผู้ป่วยโรคต่อมไร้ท่อ =^bAnesthesia forpatients with endocrine disease /^cจริยา เลิศอรรฆยมณี, ทรงยศ วลัยฤาชา, บรรณาธิการ
246 31 Anesthesia for patients with endocrine disease
250    ฉบับพิมพ์ครั้งที่ 1
260    กรุงเทพฯ :^bเรือนแก้ว,^c2544
300    201 หน้า ;^c27 ซม.
650  7 ต่อมไร้ท่อ, โรค
650  7 ระงับความรู้สึก
653    ผลงานอาจารย์คณะแพทยศาสตร์ศิริราชพยาบาล
700 0  จริยา เลิศอรรฆยมณี,^eบรรณาธิการ
700 0  ทรงยศ วลัยฤาชา,^eบรรณาธิการ
945    ^p200^l0^i015165
945    ^p200^l0^i014989
945    ^p200^l0^i014988
945    ^p200^l0^i014987
945    ^p200^l0^i014986
945    ^p200^l0^i014984
945    ^p200^l0^i015164
945    ^p200^l0^i014985
995    ทศพร
999 ^a ใช้งานได้ทุกระบบ
รายการนี้ยังไม่มีแท็ก
คุณยังไม่ได้ล็อกอิน คุณสามารถมีกิจกรรมร่วมกับเว็บไซต์ได้ แต่ต้องล็อกอินก่อน ::
  ล็อกอิน

รายการสื่อสารสนเทศ

ลำดับที่ ประเภท เลขเรียก/บาร์โค้ด สถานที่ สถานะ
- ไม่พบข้อมูล -

รายการใกล้เคียง
    หัวเรื่อง [ต่อมไร้ท่อ, โรค]
    หัวเรื่อง [ระงับความรู้สึก]

BibComment


ยังไม่เคยถูกคอมเมนท์

คอมเมนท์ทรัพยากรรายการนี้
  คอมเมนท์: การระงับความรู้สึ..


 Copyright 2026. Bcnsprnw @Library